000 00776nam a2200217Ii 4500
003 JO-AjNU
008 230606s9999||||xx |||||||||||||| ||und||
020 _a378-1-138-78526-7(hbk) / 978-1-138-78527-4(pbk) / 978-1-315-76797-0(ebk)
040 _aJO-AjNU
_beng
_erda
_cJO-AjNU
041 _aeng
050 1 4 _aPE1422.S77 2018
100 3 _aStrauss, Susan, Feiz, Parastou, Xiang, Xuehua ,
_eauthor
_96015
245 0 0 _aGrammar, Meaning , and Concept: A Discourse - Based Approach to English Grammar
250 _a1 ed
264 3 1 _aNew York: Routledge, 2018
300 _a478P
336 _atext
_btxt
_2rdacontent
337 _aunmediated
_bn
_2rdamedia
338 _avolume
_bnc
_2rdacarrier
650 4 _aEnglish Language - Grammar - Discourse analysis - Semantics
_96016
999 _aE3120
_c3117
_d3117